00314nam a22000977a 4500008004100000022001400041040005500055245002900110260006300139310001400202230724b |||||||| |||| 00| 0 eng d a0972-4923 aNational Science LibrarycNational Science Library aConservation and society aMumbai: bMedknow Publications and Media Pvt. Ltd., c2003 aQuarterly